00692nam a2200181Ia 4500003000900000008004100009040001600050080001700066100002800083245018200111260003400293300000900327650004100336650001100377942000700388999001500395952010000410IN-BaIIA211028s9999 xx 000 0 eng d cIIA Library a52(083)bARG aArgelander, W. A.92605 0aAstronomische beobachtungen auf der strenwarte der koniglichen rheinischen friedrich wilhelms universitat zu bonncArgelander, W. A.  aBonnbBei Adolph Marcusc1852 a99p. aAstronomy and Astrophysics Thesaurus aTables cBK c1234d1234 00102ddc4070aBANbKODcGENd0000-00-00l0o52(083)/ ARGp1302r2021-11-05w0000-00-00yBKG